| 000 | 01355nam a22002417a 4500 | ||
|---|---|---|---|
| 005 | 20240724233249.0 | ||
| 008 | s2554 th tha d | ||
| 041 | _atha | ||
| 050 | _aHD2080.55.Z8 ศ463ก 2554 | ||
| 100 | 0 | _aบัณฑูร เศรษฐศิโรตม์ | |
| 245 | 1 | 0 | _aกติกาข้อตกลงเขตการค้าเสรีกับความเป็นธรรมต่อภาคเกษตรกรรมไทย |
| 260 | 3 |
_aนนทบุรี : _bมหาวิทยาลัยสุโขทัยธรรมาธิราช, _c2554 |
|
| 300 |
_a149 หน้า : _b ตาราง ; _c 29 ซม. |
||
| 650 | 0 | 4 | _aเขตการค้าเสรี -- วิจัย |
| 650 | 0 | 4 | _aข้อตกลงเขตการค้าเสรี -- ผลกระทบต่อภาคเกษตรกรรม -- วิจัย |
| 650 | 0 | 4 | _aเกษตรกรรม -- ข้อตกลงเขตการค้าเสรี -- วิจัย |
| 650 | 0 | 4 | _aเกษตรกรรม -- วิจัย |
| 850 | _aNALT | ||
| 942 | _cRSH | ||
| 997 | _aบ24135 | ||
| 997 | _c000000000064210 | ||
| 998 | _aนางสาวเบญจลักษณ์ สุทธิวิไล | ||
| 999 |
_c64210 _d64210 |
||